Quiz sur le Grand Est - Statistiques

Statistiques générales
  • Ce quiz a été pris 115 fois
  • Le résultat moyen est 12 sur 15
Statistiques - réponses
Questions Réponses % Correct
Quelle est la capitale du Grand Est ? Strasbourg
99%
Nommer un pays frontalier de la région Belgique | Luxembourg | Allemagne | Suisse
97%
Combien y-a t'il de département ? 10
94%
Cite une région historique du Grand Est Alsace | Champagne-Ardenne | Lorraine
94%
Quel grand fleuve européen sert de frontière entre la France et l'Allemagne ? le Rhin
94%
Cite une région française frontalière de la région Hauts-de-France | Île-de-France | Bourgogne-Franche-Comté
88%
Quelle est la 2ème ville la plus peuplée ? Metz
87%
Quelle bataille majeure de la Première Guerre mondiale a causé la mort de plus de 300 000 personnes en 1916 ? la bataille de Verdun
85%
Quelle est la population (au million près) ? 5,6 millions
83%
Dans quelle ville 33 rois ont-ils été couronnés ? Reims
82%
Dans quelle ville se trouvent la « Petite Venise » et une reproduction miniature de la Statue de la Liberté ? Colmar
75%
Quel plat alsacien est composé de crème fraîche, lardons et oignons ? Flammekueche (Tarte flambée)
56%
Quel est le fruit typique de la Lorraine dont elle récolte 90% de la production mondiale ? la mirabelle
53%
Quel vin célèbre est produit dans la région ? le Champagne
51%
Quel est le point culminant du Grand Est situé dans les Vosges ? Ballon de Guebwiller
32%
Aucun quiz correspondant
Distribution des résultats
% des personnes avec chaque résultat
Percentile par nombre de réponses
Votre historique - résultats
Vous n’avez pas pris ce quiz